| 000 | 00386nam a22001097a 4500 | ||
|---|---|---|---|
| 999 |
_c519255 _d519255 |
||
| 082 | _aPKP B2 P759\c.2 | ||
| 100 |
_aN.C.E.R.T. _929973 |
||
| 245 |
_aPolitical theory ( Textbook for class XI) _cby National Council of Educational Research Training |
||
| 260 |
_aNew Delhi _bNational Council of Educational Research Tranining _c2006 |
||
| 300 | _a158p. | ||
| 650 |
_aPolitical theory _929974 |
||